[Event "Sachsen-ch Seniors op"]
[Site "Dresden"]
[Date "2016.11.07"]
[Round "8"]
[White "Afanasieva, Elena"]
[Black "Hauke, Hans"]
[Result "1/2-1/2"]
[WhiteElo "1532"]
[BlackElo "1608"]
[PlyCount "34"]
[EventDate "2016.10.31"]
[EventType "swiss"]
[EventRounds "9"]
[EventCountry "GER"]
[SourceTitle "EXT 2019"]
[Source "ChessBase"]
[SourceDate "2018.10.10"]
[SourceVersion "1"]
[SourceVersionDate "2018.10.10"]
[SourceQuality "1"]

1. e4 d5 2. exd5 Nf6 3. d4 Nxd5 4. Bc4 Nc6 5. c3 e5 6. dxe5 Be6 7. Nf3 h6 8. 0-0 Bc5 9. Nbd2 Qd7 10. Ne4 Bb6 11. Bb5 Rd8 12. Nd4 Nde7 13. Be3 Qd5 14. Qf3 Bxd4 15. Bxc6+ Nxc6 16. Bxd4 Nxd4 17. cxd4 Qxd4 1/2-1/2

[Event "Sachsen-ch Seniors op"]
[Site "Dresden"]
[Date "2016.11.06"]
[Round "7"]
[White "Gerling, Lothar"]
[Black "Afanasieva, Elena"]
[Result "1/2-1/2"]
[WhiteElo "1785"]
[BlackElo "1532"]
[PlyCount "90"]
[EventDate "2016.10.31"]
[EventType "swiss"]
[EventRounds "9"]
[EventCountry "GER"]
[SourceTitle "EXT 2019"]
[Source "ChessBase"]
[SourceDate "2018.10.10"]
[SourceVersion "1"]
[SourceVersionDate "2018.10.10"]
[SourceQuality "1"]

1. d4 d5 2. c4 c6 3. cxd5 cxd5 4. Nf3 Bf5 5. Nc3 e6 6. Bf4 Bd6 7. Bg3 Nf6 8. Qa4+ Nc6 9. Ne5 Bxe5 10. Bxe5 0-0 11. Bxf6 Qxf6 12. e3 a6 13. a3 b5 14. Qd1 Qg6 15. Rc1 Rac8 16. b4 h5 17. h3 Qh6 18. Be2 h4 19. 0-0 Qg5 20. Kh1 Ne7 21. a4 Be4 22. Nxe4 dxe4 23. axb5 Rxc1 24. Qxc1 Rc8 25. Qb2 axb5 26. Rc1 Qd5 27. Rc5 Rxc5 28. bxc5 f5 29. Qxb5 Qc6 30. Qb8+ Qc8 31. Qxc8+ Nxc8 32. c6 Kf8 33. c7 Ke7 34. Bc4 Kd6 35. g3 g5 36. gxh4 gxh4 37. Kg2 Nb6 38. Bb3 Kd7 39. f3 Nd5 40. fxe4 fxe4 41. Kf2 Kxc7 42. Bc2 Nf6 43. Ke2 Kd6 44. Kd2 Nh7 45. Bd1 Ng5 1/2-1/2

[Event "Sachsen-ch Seniors op"]
[Site "Dresden"]
[Date "2016.11.03"]
[Round "4"]
[White "Afanasieva, Elena"]
[Black "Schiessl, Werner"]
[Result "1-0"]
[WhiteElo "1532"]
[BlackElo "1736"]
[PlyCount "105"]
[EventDate "2016.10.31"]
[EventType "swiss"]
[EventRounds "9"]
[EventCountry "GER"]
[SourceTitle "EXT 2019"]
[Source "ChessBase"]
[SourceDate "2018.10.10"]
[SourceVersion "1"]
[SourceVersionDate "2018.10.10"]
[SourceQuality "1"]

1. d4 Nf6 2. Bf4 d6 3. Nd2 Nbd7 4. e3 c6 5. c3 d5 6. g4 Ne4 7. Bd3 Nxd2 8. Qxd2 Nf6 9. h3 Ne4 10. Qc2 Nf6 11. Ne2 e6 12. 0-0-0 Be7 13. Ng3 Bd7 14. Be5 Qa5 15. Kb1 c5 16. c4 Rc8 17. Rc1 Rc6 18. Qc3 Qd8 19. g5 cxd4 20. Bxd4 Ne4 21. Nxe4 dxe4 22. Bxe4 Bxg5 23. Bxg7 Rg8 24. Bxc6 Bxc6 25. Rhg1 Be4+ 26. Ka1 Rxg7 27. Qxg7 Bf6 28. Qg8+ Ke7 29. Qxd8+ Kxd8 30. Rg4 Bf5 31. Rf4 Ke7 32. Rxf5 exf5 33. Rd1 Bh4 34. f3 Bf2 35. e4 fxe4 36. fxe4 h6 37. Rd5 Ke6 38. Kb1 Bg3 39. b4 Be5 40. a4 f5 41. exf5+ Kxf5 42. Kc2 Ke6 43. Kd3 Bb2 44. Ke4 Bc3 45. b5 Ba5 46. Kf4 Bc7+ 47. Kg4 a6 48. bxa6 bxa6 49. Kh5 a5 50. Kxh6 Kf6 51. h4 Bf4+ 52. Kh7 Bc7 53. h5 1-0

[Event "Sachsen-ch Seniors op"]
[Site "Dresden"]
[Date "2016.11.01"]
[Round "2"]
[White "Afanasieva, Elena"]
[Black "Reimann, Guenther"]
[Result "0-1"]
[WhiteElo "1532"]
[BlackElo "1890"]
[PlyCount "23"]
[EventDate "2016.10.31"]
[EventType "swiss"]
[EventRounds "9"]
[EventCountry "GER"]
[SourceTitle "EXT 2019"]
[Source "ChessBase"]
[SourceDate "2018.10.10"]
[SourceVersion "1"]
[SourceVersionDate "2018.10.10"]
[SourceQuality "1"]

1. e4 e6 2. d4 d5 3. e5 c5 4. dxc5 Bxc5 5. Qg4 Kf8 6. b4 Be7 7. Nf3 Qc7 8. c3 Nc6 9. Bf4 g5 10. Nxg5 Nxe5 11. Qe2 Nf6 12. Nf3 0-1

[Event "Wch Seniors (Women)"]
[Site "Opatija"]
[Date "2013.11.12"]
[Round "1"]
[White "Beltz, Martina"]
[Black "Afanasieva, Elena"]
[Result "1-0"]
[WhiteElo "2100"]
[BlackElo "1625"]
[PlyCount "105"]
[EventDate "2013.11.12"]
[EventType "swiss"]
[EventRounds "9"]
[EventCountry "CRO"]
[SourceTitle "CBM 157 Extra"]
[Source "ChessBase"]
[SourceDate "2013.12.19"]
[SourceVersion "1"]
[SourceVersionDate "2013.12.19"]
[SourceQuality "1"]

1. d4 e5 2. d5 Bc5 3. e3 d6 4. c4 Nf6 5. Nc3 0-0 6. Bd3 Nbd7 7. Nge2 Re8 8. Ng3 Bb4 9. Bd2 Nc5 10. Bc2 Bg4 11. f3 Bh5 12. Nxh5 Nxh5 13. 0-0 Qh4 14. Qe2 Qe7 15. Qf2 g6 16. g4 Ng7 17. e4 g5 18. a3 Bxc3 19. Bxc3 Rf8 20. b4 Nd7 21. Ba4 Nb6 22. Bb3 a6 23. Rac1 Nd7 24. Qe3 Qf6 25. Bd2 h6 26. Kg2 Qg6 27. c5 f6 28. cxd6 cxd6 29. Rc7 Rf7 30. Rxb7 h5 31. Rc1 hxg4 32. fxg4 Ne8 33. Ba4 Rd8 34. Ra7 Rh7 35. Rxa6 Qh6 36. h3 Nf8 37. Bxe8 Rxe8 38. Rxd6 Ng6 39. Qc3 Nf4+ 40. Bxf4 gxf4 41. Rc6 Qg6 42. Re1 Rh4 43. Qf3 Ra8 44. d6 Rxa3 45. Qxa3 Rxg4+ 46. hxg4 Qxg4+ 47. Kf2 Qh4+ 48. Ke2 Qh2+ 49. Kd1 Kg7 50. Qa7+ Kh6 51. Rc8 Qh5+ 52. Kc1 Qf3 53. Rh8+ 1-0

[Event "RUS-ch Seniors (Women)"]
[Site "Odintsovo"]
[Date "2011.04.26"]
[Round "8"]
[White "Afanasieva, Elena"]
[Black "Khalturina, Tatiana"]
[Result "0-1"]
[WhiteElo "1569"]
[BlackElo "1817"]
[PlyCount "120"]
[EventDate "2011.04.19"]
[EventType "swiss"]
[EventRounds "9"]
[EventCountry "RUS"]
[SourceTitle "CBM 142 Extra"]
[Source "ChessBase"]
[SourceDate "2011.06.27"]
[SourceVersion "1"]
[SourceVersionDate "2011.06.27"]
[SourceQuality "1"]

1. e4 e5 2. Nf3 Nc6 3. Bc4 Bc5 4. c3 Nf6 5. d4 exd4 6. cxd4 Bb4+ 7. Bd2 0-0 8. Bxb4 Nxb4 9. e5 Ne8 10. a3 Nc6 11. d5 Na5 12. Ba2 b6 13. 0-0 d6 14. b4 Nb7 15. Re1 dxe5 16. Nxe5 Nbd6 17. Nd2 Bb7 18. Nc6 Bxc6 19. dxc6 a5 20. Nc4 axb4 21. Nxd6 Nxd6 22. axb4 Kh8 23. Bb3 Qf6 24. Rc1 Rad8 25. Qh5 g6 26. Qe5 Kg7 27. Qxf6+ Kxf6 28. g4 Rfe8 29. h4 h6 30. f3 g5 31. hxg5+ hxg5 32. Kf2 Rxe1 33. Rxe1 Re8 34. Rxe8 Nxe8 35. Ke3 Nd6 36. Bd1 Ke5 37. Kd3 Kd5 38. Ba4 b5 39. Bb3+ Kxc6 40. Kd4 Kd7 41. Kd5 c6+ 42. Ke5 Ke7 43. Ba2 f6+ 44. Kd4 Nb7 45. Bb3 Kd6 46. Bf7 c5+ 47. bxc5+ Nxc5 48. Bd5 Ne6+ 49. Ke4 Nf4 50. Bb3 Ne2 51. Ke3 Nc3 52. Kd4 Na4 53. Bg8 Nb6 54. Bb3 Nc4 55. Bd1 Ne5 56. Ke4 Nc4 57. Kd4 Nb2 58. Bb3 Na4 59. Bd1 Kc6 60. Bc2 Nc5 0-1

[Event "RUS-ch Seniors (Women)"]
[Site "Odintsovo"]
[Date "2011.04.23"]
[Round "5"]
[White "Blagonadezhnaya, Idea"]
[Black "Afanasieva, Elena"]
[Result "1/2-1/2"]
[WhiteElo "1931"]
[BlackElo "1569"]
[PlyCount "120"]
[EventDate "2011.04.19"]
[EventType "swiss"]
[EventRounds "9"]
[EventCountry "RUS"]
[SourceTitle "CBM 142 Extra"]
[Source "ChessBase"]
[SourceDate "2011.06.27"]
[SourceVersion "1"]
[SourceVersionDate "2011.06.27"]
[SourceQuality "1"]

1. e4 g6 2. Nf3 Bg7 3. Bc4 c5 4. 0-0 Nc6 5. Nc3 d6 6. h3 Nf6 7. d4 cxd4 8. Nxd4 a6 9. Nxc6 bxc6 10. Bf4 0-0 11. Qd2 Bb7 12. Bh6 Qa5 13. Bxg7 Kxg7 14. Rad1 Rad8 15. Rfe1 Nd7 16. Ne2 Qxd2 17. Rxd2 Ne5 18. Bb3 c5 19. Bd5 Bxd5 20. Rxd5 Nc4 21. b3 Nb6 22. Rd2 d5 23. exd5 Rxd5 24. Rxd5 Nxd5 25. Rd1 e6 26. c4 Nb4 27. Rd2 Nc6 28. Rd6 Nb8 29. Nc3 Kf6 30. Kf1 Ke7 31. Rb6 Rd8 32. Ke2 f5 33. Rb7+ Kd6 34. Rxh7 Rd7 35. Rh8 Nc6 36. Rg8 Nd4+ 37. Ke3 Nc2+ 38. Kd2 Nb4 39. Rxg6 Ke5+ 40. Ke2 Nd3 41. Na4 Nf4+ 42. Ke1 Nxg6 43. Nxc5 Ra7 44. Kd2 a5 45. g3 Rc7 46. Nd3+ Kd4 47. h4 Ne5 48. Nf4 Re7 49. Ne2+ Kc5 50. Kc3 Nf3 51. a3 e5 52. b4+ axb4+ 53. axb4+ Kc6 54. b5+ Kc5 55. Nc1 Kb6 56. Kb4 Rd7 57. c5+ Kc7 58. Nb3 Nd4 59. b6+ Kc8 60. Na5 Nc2+ 1/2-1/2

[Event "RUS-ch Seniors (Women)"]
[Site "Odintsovo"]
[Date "2011.04.22"]
[Round "4"]
[White "Afanasieva, Elena"]
[Black "Beliaeva, Natalia"]
[Result "0-1"]
[WhiteElo "1569"]
[BlackElo "2053"]
[PlyCount "50"]
[EventDate "2011.04.19"]
[EventType "swiss"]
[EventRounds "9"]
[EventCountry "RUS"]
[SourceTitle "CBM 142 Extra"]
[Source "ChessBase"]
[SourceDate "2011.06.27"]
[SourceVersion "1"]
[SourceVersionDate "2011.06.27"]
[SourceQuality "1"]

1. e4 c5 2. Nf3 d6 3. d4 cxd4 4. Nxd4 Nf6 5. Nc3 g6 6. Bb5+ Bd7 7. Bxd7+ Nbxd7 8. 0-0 Bg7 9. Re1 0-0 10. Bg5 a6 11. Qd2 Re8 12. Kh1 Ne5 13. b3 Rc8 14. f4 Nc6 15. Rad1 Nxd4 16. e5 dxe5 17. fxe5 Ng4 18. Qxd4 Qxd4 19. Rxd4 Nxe5 20. Nd5 Nf3 21. gxf3 Bxd4 22. Nxe7+ Kg7 23. Re4 Rcd8 24. Rh4 Bf6 25. Bh6+ Kh8 0-1

[Event "Moscow op-F (Women)"]
[Site "Moscow"]
[Date "2011.01.31"]
[Round "3"]
[White "Aseeva, Anastasia"]
[Black "Afanasieva, Elena"]
[Result "1-0"]
[WhiteElo "1807"]
[BlackElo "1592"]
[PlyCount "79"]
[EventDate "2011.01.29"]
[EventType "swiss"]
[EventRounds "9"]
[EventCountry "RUS"]
[SourceTitle "CBM 140 Extra"]
[Source "ChessBase"]
[SourceDate "2011.03.01"]
[SourceVersion "1"]
[SourceVersionDate "2011.03.01"]
[SourceQuality "1"]

1. d4 d5 2. c4 e6 3. Nc3 Bb4 4. e3 Nf6 5. Bd2 Bxc3 6. Bxc3 0-0 7. Nf3 Nc6 8. Bd3 dxc4 9. Bxc4 Nd5 10. 0-0 Nxc3 11. bxc3 a6 12. a4 b6 13. Qe2 Bb7 14. e4 Re8 15. Rfd1 Qf6 16. e5 Qf4 17. Ne1 Ne7 18. Rd3 Nf5 19. Rh3 g6 20. Bd3 Red8 21. g3 Qg5 22. f4 Qe7 23. g4 Ng7 24. Qe3 c5 25. f5 Ne8 26. Qh6 f6 27. fxg6 Kh8 28. Qxh7+ Qxh7 29. Rxh7+ Kg8 30. Rxb7 cxd4 31. exf6 Nxf6 32. Bc4 Nd5 33. cxd4 Re8 34. Bxd5 exd5 35. Nf3 Re4 36. h3 Rae8 37. Rf1 Re3 38. Rxb6 Rf8 39. Kg2 Kg7 40. Rxa6 1-0

[Event "RUS-ch Seniors (Women)"]
[Site "Odintsovo"]
[Date "2008.10.02"]
[Round "1"]
[White "Afanasieva, Elena"]
[Black "Trotsenko, Evgenia"]
[Result "0-1"]
[WhiteElo "1503"]
[BlackElo "2038"]
[PlyCount "96"]
[EventDate "2008.10.02"]
[EventType "swiss"]
[EventRounds "9"]
[EventCountry "RUS"]
[SourceTitle "CBM 127 Extra"]
[Source "ChessBase"]
[SourceDate "2009.01.08"]
[SourceVersion "2"]
[SourceVersionDate "2009.01.28"]
[SourceQuality "1"]

1. e4 e6 2. d4 d5 3. exd5 exd5 4. Nf3 Bg4 5. Be2 Nf6 6. 0-0 Be7 7. Nc3 0-0 8. Be3 Nbd7 9. h3 Bh5 10. Nd2 Bxe2 11. Qxe2 Re8 12. Qf3 c6 13. Ne2 Nf8 14. Ng3 Ne6 15. c3 Bd6 16. Nf5 Qc7 17. g4 Bf4 18. Rae1 Ng5 19. Qg2 Bxe3 20. Nxe3 Nfe4 21. Nxe4 Nxe4 22. f4 Nd6 23. g5 Re4 24. Ng4 Rxe1 25. Rxe1 Ne4 26. Ne5 Rf8 27. f5 f6 28. Nf3 Qf4 29. g6 Qxf5 30. Nh4 Qg5 31. gxh7+ Kxh7 32. Qxg5 fxg5 33. Ng2 Rf3 34. Re3 Rf7 35. Re2 Kg6 36. Ne3 Kh5 37. Kg2 Kg6 38. Ng4 Re7 39. Ne5+ Kh5 40. Re3 c5 41. Rf3 cxd4 42. cxd4 Rc7 43. Rf7 Rxf7 44. Nxf7 g4 45. hxg4+ Kxg4 46. Ne5+ Kf4 47. b4 Ke3 48. Nf3 g5 0-1